Capital cities by sounds - Statistics

General Stats
  • This quiz has been taken 51 times
  • The average score is 10 of 20
Answer Stats
Clues Capital city % Correct
Is able to, Brown or polar etc., First letter of the alphabet Canberra
89%
Digits of the foot, Used to unlock something, Between 'n' and 'p' Tokyo
78%
Rodent which is a popular house pet, Barrier to impede flow of water on a large scale Amsterdam
76%
To make cleaner, Opposite of 'out', 1000kg Washington
73%
Antlered forest animal, Feline Muscat
59%
Belonging to the male monarch, Somewhere between a village and a city Kingstown
57%
The end is ___, Loose fitting garment such as a dressing gown, 2nd vowel Nairobi
54%
Adult male human, Spanish for 'water' Managua
51%
Abbreviation of 'Montgomery', A moving picture Montevideo
51%
Neckwear to accompany a shirt, To give money in return for a product Taipei
51%
Between a 10 and a queen, Diverse range of creative activities, 1st letter of the alphabet Jakarta
49%
Where peas are found, Something awash with blood and violence, Four wheeled motor vehicle Podgorica
46%
Goods of a shop or warehouse, Where you live Stockholm
43%
Portable container, Father Baghdad
41%
Place for ships to dock, Tell me ___, 's', Stinging insect Port Moresby
38%
What a happy dog's tail does, Much __ about nothing, Slimy substance Ouagadougou
35%
German for 'yes', Cow's noise, Chef ranked next after 'head chef', Darkly coloured bird Yamoussoukro
32%
Destroy or ruin, Belonging to 'you', Abbreviation of 'Victor' Reykjavik
24%
A gram is a unit of ___, What we breathe, 5th vowel of the alphabet Maseru
22%
Small plant which grows in dark and damp conditions, Abbreviation of 'company' Moscow
22%
No matching quizzes found
Score Distribution
Percent of People with Each Score
Percentile by Number Answered
Your Score History
You have not taken this quiz